Türkei-Quiz - Sudden Death - Statistiken

Allgemein
  • Dieses Quiz wurde 464 mal gespielt
  • Das Durchschnittsergebnis liegt bei 4 aus 10
Answers on the Grid
Answers color-coded by a green-red scale on the quiz's grid according to % correct below.
In der Türkei leben mehr Frauen als Männer
Die Türkei hat bereits den ESC gewonnen
Die türkische Hauptstadt ist nicht die bevölkerungsreichste Stadt des Landes
Dies ist die Flagge der Türkei: 🇹🇳
Die türkische Hauptstadt ist Istanbul
Döner Kebab ist das Nationalgericht der Türkei
Die Währung der Türkei ist die Lira
Die Küstenlänge der Türkei ist länger als die des Iran
Die Türkei grenzt an ein Land mit dieser Flagge: 🇬🇪
Das türkische KFZ-Kennzeichen lautet "TK:
Die Türkei ist Mitglied der Europäischen Union
Die Türkei verfügt über den größten Anteil des Kaukasus-Gebirges
Die Türkei ist Mitglied der NATO
Flächenmäßig ist die Türkei größer als Afghanistan
Die Türkei hat mehr Einwohner als Deutschland
Das BIP pro Kopf in der Türkei ist höher als das in Bulgarien
Die türkische Sprache wird nicht mit lateinischen Buchstaben geschrieben
Die Großteil der Fläche der Türkei liegt in Europa
Die Türkei grenzt sowohl an das Mittelmeer als auch an das Schwarze Meer
In der Türkei fährt man auf der linken Spur
 
Antwortstatistiken
Antwort % Korrekt
Die Währung der Türkei ist die Lira
55%
Die türkische Hauptstadt ist nicht die bevölkerungsreichste Stadt des Landes
52%
Die Türkei grenzt sowohl an das Mittelmeer als auch an das Schwarze Meer
47%
Die Türkei grenzt an ein Land mit dieser Flagge: 🇬🇪
46%
Die Türkei ist Mitglied der NATO
43%
Die Türkei hat mehr Einwohner als Deutschland
39%
Die Küstenlänge der Türkei ist länger als die des Iran
32%
Flächenmäßig ist die Türkei größer als Afghanistan
29%
Die Türkei hat bereits den ESC gewonnen
19%
In der Türkei leben mehr Frauen als Männer
19%
Keine übereinstimmenden Quizze gefunden
Verteilung der Resultate
Anzahl Personen mit jedem Resultat
Perzentil nach korrekt beantworteten Fragen
Ihre Resultats-Entwicklung
Sie haben dieses Quiz noch nicht gespielt